Code Cracker! VII Quiz Stats

 Plays Quiz Updated Aug 8, 2017

Support Sporcle.
Go Orange.
Score 0/192 Timer 04:00
7 Plays Today
% Correct
✔​
100%
G​
100%
G​
100%
G​
100%
G​
100%
94.4%
I​
94.4%
I​
94.4%
I​
94.4%
I​
94.4%
I​
94.4%
I​
94.4%
I​
94.4%
I​
94.4%
I​
94.4%
I​
94.4%
I​
94.4%
I​
94.4%
I​
94.4%
I​
94.4%
I​
94.4%
I​
94.4%
I​
94.4%
I​
94.4%
✔​
94.3%
N​
94.3%
N​
94.3%
N​
94.3%
N​
94.3%
N​
94.3%
N​
94.3%
N​
94.3%
N​
94.3%
N​
94.3%
N​
94.3%
N​
94.3%
N​
94.3%
N​
94.3%
N​
94.3%
N​
94.3%
✔​
94.1%
A​
94.1%
A​
94.1%
A​
94.1%
A​
94.1%
A​
94.1%
A​
94.1%
A​
94.1%
A​
94.1%
A​
94.1%
A​
94.1%
A​
94.1%
A​
94.1%
A​
94.1%
A​
94.1%
A​
94.1%
A​
94.1%
A​
94.1%
A​
94.1%
A​
94.1%
A​
94.1%
✔​
92.2%
O​
92.1%
O​
92.1%
% Correct
O​
92.1%
O​
92.1%
O​
92.1%
O​
92.1%
O​
92.1%
O​
92.1%
O​
92.1%
O​
92.1%
O​
92.1%
O​
92.1%
O​
92.1%
O​
92.1%
O​
92.1%
O​
92.1%
O​
92.1%
O​
92.1%
✔​
91.8%
E​
91.8%
E​
91.8%
E​
91.8%
E​
91.8%
E​
91.8%
E​
91.8%
E​
91.8%
E​
91.8%
E​
91.8%
E​
91.8%
E​
91.8%
E​
91.8%
E​
91.8%
E​
91.8%
✔​
91.5%
T​
91.5%
T​
91.5%
T​
91.5%
T​
91.5%
T​
91.5%
T​
91.5%
T​
91.5%
T​
91.5%
T​
91.5%
T​
91.5%
T​
91.5%
T​
91.5%
T​
91.5%
T​
91.5%
90.6%
L​
90.6%
L​
90.6%
L​
90.6%
L​
90.6%
L​
90.6%
L​
90.6%
L​
90.6%
L​
90.6%
L​
90.6%
L​
90.6%
L​
90.6%
✔​
89.9%
C​
89.9%
C​
89.9%
C​
89.9%
C​
89.9%
C​
89.9%
% Correct
C​
89.9%
✔​
89.1%
P​
89.1%
P​
89.1%
P​
89.1%
P​
89.1%
✔​
88.6%
M​
88.6%
M​
88.6%
M​
88.6%
M​
88.6%
M​
88.6%
M​
88.6%
✔​
88.4%
U​
88.4%
U​
88.4%
U​
88.4%
U​
88.4%
U​
88.4%
U​
88.4%
U​
88.4%
✔​
87.4%
R​
87.4%
R​
87.4%
R​
87.4%
R​
87.4%
R​
87.4%
R​
87.4%
✔​
86%
D​
86%
D​
86%
85.4%
S​
85.4%
S​
85.4%
S​
85.4%
S​
85.4%
S​
85.4%
S​
85.4%
S​
85.4%
✔​
83.9%
H​
83.9%
H​
83.9%
✔​
80.8%
J​
80.8%
80.4%
F​
80.4%
F​
80.4%
F​
80.4%
✔​
78.8%
V​
78.8%
✔​
78.4%
Y​
78.4%
✔​
78.3%
X​
78.3%
✔​
76%
B​
76%
✔​
75.8%
Q​
75.8%
✔​
72.7%
Z​
72.7%
✔​
72%
K​
72%
✔​
70%
W​
70%

You're not logged in!

Compare scores with friends on all Sporcle quizzes.
OR
Log In
Forgot?

From the Vault

Red Hot Chili Peppers Songs

by RockBandForever

They've been making music since 1984, but we think their music is still 'red hot'.
Remove Ads.
Support Sporcle.
Get the best of Sporcle when you Go Orange. This ad-free experience offers more features, more stats, and more fun while also helping to support Sporcle. Thank you for becoming a member.

Show Comments

Extras

Top Quizzes Today


Score Distribution

Your Account Isn't Verified!

In order to create a playlist on Sporcle, you need to verify the email address you used during registration. Go to your Sporcle Settings to finish the process.

Report this User

Report this user for behavior that violates our Community Guidelines.

Details: